000 00295 a2200145 4500
001 173448
020 _a
040 _cMagnum
100 _aFilho, Adonias
240 1 0 _aFora da pista
_lpor
245 1 0 _aFora da pista
300 _a120
697 _aLITERATURA INFANTO-JUVENIL
942 _cBK
999 _c173448
_d173448